000 00543nam a22001697a 4500
005 20251108165356.0
008 250721s1956 xx 000 0 ara d
082 1 4 _aم/016.091/دار
245 1 0 _aفهرست المخطوطات :
_bمصطلح الحديث /
264 1 _aالقاهره :
_bمطبعة دار الكتب المصرية،
_c1956.
300 _aمج
650 1 7 _aالمخطوطات العربية
650 1 7 _aالفهارس
710 2 _aدار الكتب المصرية
_eتايف
942 _2ddc
_cREF
999 _c26393
_d26393